00973naa#a2200193#i#4500001001600000005001700016011001400033100004100047102000700088200026800095210017200363215001100535608004500546675003100591700003000622700005200652700005200704856002300756RU\\bibl\12285820260513225739.3##a2712-7761##a20260506b2026####ek#y0rusy0150####ca##aRU1#aПреобразования детритовых хромшпинелидов при метаморфизме нижнепалеозойских пород алькесвожской свиты (Приполярный Урал)eЖурнальная статья1#aСыктывкарcФГБУ ФИЦ «Коми научный центр Уральского отделения Российской академии наук»d2026##a17 с.##aЖурнальная статья2local##aШпинель. 549.731.11#1aОнищенкоgС. А.#1aЕфановаgЛюдмила Ивановна#1aКузнецовgСергей Карпович4#akomisc.editorum.ru